000 00627nam a22002057a 4500
003 OSt
005 20251030081515.0
008 251030b |||||||| |||| 00| 0 eng d
020 _a13: 978-0-07-249585-0.
040 _aDWCL-Main lib
_cOC
082 _aCirc. 611 M113h 2006
100 _aMckinley, Michael
245 _aHuman anatomy
_cMckinley, Michael
260 _aBoston :
_bMcGraw-Hill Higher Education,
_cc2006.
300 _axxxi, (various paging) :
_bcolored illustration ;
_c30 cm.
504 _aIncludes index.
650 _21. Human anatomy.
700 _aO'loughlin, Valerie Dean
942 _2ddc
_cBK-CIRC
_kCirc.
_n0
999 _c5365
_d5365